000 01350nam a2200241 i 4500
001 23325
003 ES-MaACL
005 20240229062719.0
007 t|
008 021210s1813 sp ||||1| spa d
080 _a94(460)"1808/14"
100 1 _aAlvarez, Pedro Pablo.
_920670
245 1 0 _aManifiesto que en su defensa, y en contextacion [sic] al que publicó una cabeza exaltada de la villa de Castro Urdiales da a luz el teniente coronel del Regimiento de Usares de Iberia Pedro Pablo Álvarez, gobernador que fue de aquella plaza durante los sitios que sufrió hasta su abandono, Bermeo 24 de mayo de 1813.
246 3 _aManifiesto que en su defensa, y en contestación al que publicó una cabeza exaltada de la villa de Castro Urdiales da a luz el teniente coronel del Regimiento de Usares de Iberia Pedro Pablo Álvarez...
260 _aBurgos :
_b[s.n.],
_c1813 (
_fImp. de Navas)
300 _a57, 34 p. ;
_c19 cm.
530 _aDisponible en formato digital.
594 _aLa serie de 34 p. con tít. propio: Apéndice de los documentos justificativos con que se acredita la anterior defensa.
651 4 _aEspaña-
_xHistoria-
_y1808-1814, Guerra de la Independencia
_98244
852 4 _aES-MaACL
_jT-131-F-1
856 4 _uhttp://bdh-rd.bne.es/viewer.vm?id=0000202173&page=1
_zBiblioteca Digital Hispánica
999 _c23325
_d23325